Normal view
MARC view
- الضمير في القرآن - اعراب - القرآن - الفاظ
Entry Topical Term
001 - CONTROL NUMBER
- control field: 66473
003 - CONTROL NUMBER IDENTIFIER
- control field: JO-AjAnu
005 - DATE AND TIME OF LATEST TRANSACTION
- control field: 20250308122842.0
008 - FIXED-LENGTH DATA ELEMENTS
- fixed length control field: 250308|| aca||babn | a|a d
040 ## - CATALOGING SOURCE
- Original cataloging agency: JO-AjAnu
150 ## - HEADING--TOPICAL TERM
- Topical term or geographic name entry element: الضمير في القرآن - اعراب - القرآن - الفاظ